[Event "KAZ-ch (Women)"]
[Site "Almaty"]
[Date "2019.04.25"]
[Round "5"]
[White "Shauken, Aruzhan"]
[Black "Ankudinova, Elena"]
[Result "0-1"]
[WhiteElo "1685"]
[BlackElo "2099"]
[PlyCount "148"]
[EventDate "2019.04.21"]
[EventType "tourn"]
[EventRounds "9"]
[EventCountry "KAZ"]
[SourceTitle "CBM 190 Extra"]
[Source "ChessBase"]
[SourceDate "2019.07.15"]
[SourceVersion "1"]
[SourceVersionDate "2019.07.15"]
[SourceQuality "1"]

1. d4 d5 2. c4 dxc4 3. Nf3 Nf6 4. g3 Nc6 5. Bg2 e5 6. Nxe5 Nxe5 7. dxe5 Qxd1+ 8. Kxd1 Ng4 9. Ke1 Nxe5 10. Bf4 f6 11. Nd2 Bb4 12. Rc1 Be6 13. a3 Ba5 14. Kf1 0-0-0 15. Ne4 Ng6 16. Be3 Bb6 17. Bxb6 axb6 18. h4 h6 19. f4 Rhe8 20. h5 Ne7 21. Kf2 Nc6 22. Rhd1 Nd4 23. e3 Nb3 24. Rxd8+ Rxd8 25. Re1 Bg4 26. Bf3 Bxf3 27. Kxf3 f5 28. Nc3 Rd3 29. Kf2 Nc5 30. Kf3 Rd2 31. Re2 Rxe2 32. Kxe2 Kd7 33. Kf3 Ke6 34. g4 fxg4+ 35. Kxg4 Nd3 36. Nd1 b5 37. Kf3 Kd5 38. Ke2 c6 39. b4 Ke4 40. Nc3+ Kf5 41. Kf3 Ne1+ 42. Kg3 Nc2 43. e4+ Kf6 44. Nb1 b6 45. Kf2 g6 46. hxg6 Kxg6 47. Kg3 c5 48. Kh4 cxb4 49. axb4 Nxb4 50. Nc3 Nd3 51. f5+ Kf6 52. Nxb5 Nf2 53. Nc3 b5 54. Nxb5 Nxe4 55. Kh5 Kxf5 56. Kxh6 Ke5 57. Kh5 Nd6 58. Nc3 Kd4 59. Ne2+ Kd3 60. Nf4+ Ke4 61. Ne2 Nb5 62. Kg4 Ke3 63. Nf4 Nc7 64. Ng2+ Kf2 65. Nf4 c3 66. Nd3+ Ke3 67. Nc1 c2 68. Kf5 Kd2 69. Nb3+ Kc3 70. Nc1 Kd2 71. Nb3+ Kd1 72. Ke5 Nb5 73. Kd5 Nc3+ 74. Kc4 Ne4 0-1

[Event "KAZ-ch (Women)"]
[Site "Almaty"]
[Date "2019.04.23"]
[Round "3"]
[White "Shauken, Aruzhan"]
[Black "Dauletova, Gulmira"]
[Result "0-1"]
[WhiteElo "1685"]
[BlackElo "2262"]
[PlyCount "72"]
[EventDate "2019.04.21"]
[EventType "tourn"]
[EventRounds "9"]
[EventCountry "KAZ"]
[SourceTitle "CBM 190 Extra"]
[Source "ChessBase"]
[SourceDate "2019.07.15"]
[SourceVersion "1"]
[SourceVersionDate "2019.07.15"]
[SourceQuality "1"]

1. d4 Nf6 2. c4 e6 3. g3 d5 4. Nf3 dxc4 5. Bg2 a6 6. 0-0 Nc6 7. Bg5 Be7 8. e3 Bd7 9. Nbd2 b5 10. a4 Rb8 11. axb5 axb5 12. Ne5 Nxe5 13. dxe5 Nd5 14. Bxe7 Qxe7 15. b3 c3 16. Nb1 Qc5 17. Qg4 g6 18. Rc1 b4 19. Nd2 f5 20. exf6 Nxf6 21. Ne4 Nxe4 22. Bxe4 Rf8 23. Rd1 Rf7 24. Ra6 Kf8 25. Rxd7 Rxd7 26. Qxe6 Rd6 27. Rxd6 Qxd6 28. Qc4 Rd8 29. Kg2 Qe7 30. h4 Rd2 31. Qc6 Qf7 32. Bf3 c2 33. Qc5+ Qe7 34. Qc4 c5 35. Be4 c1Q 36. Qxc1 Qxe4+ 0-1

[Event "Moscow ACF Botvinnik Memorial U14 Girls"]
[Site "Moscow"]
[Date "2017.11.07"]
[Round "9"]
[White "Shauken, Aruzhan"]
[Black "Mirlankyzy, Azaliia"]
[Result "1-0"]
[WhiteElo "1588"]
[BlackElo "1405"]
[PlyCount "71"]
[EventDate "2017.11.02"]
[EventType "tourn"]
[EventRounds "11"]
[EventCountry "RUS"]
[SourceTitle "CBM 181 Extra"]
[Source "ChessBase"]
[SourceDate "2017.12.12"]
[SourceVersion "1"]
[SourceVersionDate "2017.12.12"]
[SourceQuality "1"]

1. d4 Nf6 2. c4 g6 3. Nc3 Bg7 4. e4 d6 5. Nf3 0-0 6. Be2 Nbd7 7. 0-0 c5 8. d5 b6 9. h3 Re8 10. Re1 h6 11. Bf1 e5 12. dxe6 Rxe6 13. e5 dxe5 14. Nxe5 Bb7 15. Nxd7 Qxd7 16. Qxd7 Nxd7 17. Rxe6 fxe6 18. Nb5 e5 19. Be3 g5 20. Rd1 Nf6 21. Be2 a6 22. Nd6 Bc6 23. Nf5 Kf7 24. Rd6 Rc8 25. h4 Ne4 26. f3 Nf6 27. hxg5 hxg5 28. Bxg5 b5 29. Nxg7 Nh7 30. Bh6 Nf6 31. Nf5 e4 32. fxe4 Nxe4 33. Bh5+ Kg8 34. Rg6+ Kh7 35. Rg7+ Kh8 36. Ne7 1-0

[Event "Moscow ACF Botvinnik Memorial U14 Girls"]
[Site "Moscow"]
[Date "2017.11.04"]
[Round "5"]
[White "Shauken, Aruzhan"]
[Black "Khegay, Yuliya"]
[Result "0-1"]
[WhiteElo "1588"]
[BlackElo "1703"]
[PlyCount "90"]
[EventDate "2017.11.02"]
[EventType "tourn"]
[EventRounds "11"]
[EventCountry "RUS"]
[SourceTitle "CBM 181 Extra"]
[Source "ChessBase"]
[SourceDate "2017.12.12"]
[SourceVersion "1"]
[SourceVersionDate "2017.12.12"]
[SourceQuality "1"]

1. d4 Nf6 2. c4 e5 3. e3 exd4 4. exd4 d5 5. Bg5 Bb4+ 6. Nc3 0-0 7. Bd3 Qe8+ 8. Qe2 Ne4 9. Bxe4 dxe4 10. Bd2 Nc6 11. Nb5 Bxd2+ 12. Qxd2 Qd8 13. Ne2 a6 14. Nbc3 Bf5 15. 0-0 Re8 16. Nd5 Be6 17. Ne3 Qg5 18. Kh1 Rad8 19. Rad1 Bg4 20. Nxg4 Qxg4 21. h3 Qh4 22. Qc3 Qf6 23. d5 Qxc3 24. Nxc3 Ne5 25. b3 f5 26. Ne2 Nd3 27. Nd4 c5 28. Ne6 Rxe6 29. dxe6 Nxf2+ 30. Rxf2 Rxd1+ 31. Kh2 g6 32. Kg3 Kg7 33. Kf4 Kf6 34. e7 Kxe7 35. Kg5 Ke6 36. Kf4 b5 37. cxb5 axb5 38. g4 Rd3 39. gxf5+ gxf5 40. Rc2 h6 41. Rf2 Rxh3 42. a4 bxa4 43. bxa4 Rf3+ 44. Rxf3 exf3 45. Kxf3 Kd6 0-1

[Event "Moscow ACF Botvinnik Memorial U14 Girls"]
[Site "Moscow"]
[Date "2017.11.03"]
[Round "4"]
[White "Rotaru, Valentina"]
[Black "Shauken, Aruzhan"]
[Result "1/2-1/2"]
[WhiteElo "1497"]
[BlackElo "1588"]
[PlyCount "67"]
[EventDate "2017.11.02"]
[EventType "tourn"]
[EventRounds "11"]
[EventCountry "RUS"]
[SourceTitle "CBM 181 Extra"]
[Source "ChessBase"]
[SourceDate "2017.12.12"]
[SourceVersion "1"]
[SourceVersionDate "2017.12.12"]
[SourceQuality "1"]

1. d4 Nf6 2. Bf4 g6 3. Nf3 Bg7 4. c3 0-0 5. e3 d5 6. Nbd2 Nbd7 7. h3 c5 8. Rc1 c4 9. Be2 b5 10. 0-0 a5 11. a4 b4 12. b3 cxb3 13. Qxb3 bxc3 14. Rxc3 Qb6 15. Qc2 Qd8 16. Rb1 Ba6 17. Bc7 Qe8 18. Bxa6 Rxa6 19. Nb3 Qa8 20. Rc1 Ne4 21. Rc6 Rc8 22. Rxa6 Qxa6 23. Qd1 Qa7 24. Bxa5 Rxc1 25. Qxc1 Qb7 26. Nbd2 Qa6 27. Bb4 Qxa4 28. Bxe7 Nxd2 29. Nxd2 Qa8 30. Nf3 Nb6 31. Qc7 Nc4 32. Bc5 h6 33. Bd6 Qe8 34. Bc5 1/2-1/2